000 00592nam a22002177a 4500
001 62379
003 UA-OsUOA
005 20211022225019.0
007 ta
008 20090821b un ||||| |||| 00| 0 ukr d
040 _aUA-OsUOA
_brus
_cUA-OsUOA
_dUA-OsUOA
041 _arus
080 _a94(47+57)
090 _a94(47+57)
_bО-11
245 _aО Партийном подполье в Минске в годы Великой Отечественной войны
260 _aМинск
_c1961
300 _a88 с.
650 7 _a94 Історія
_2UDC
942 _cBK
_2udc
955 _a2
999 _c348447
_d348447